| 000 | 00581cam a22001812a 4500 | ||
|---|---|---|---|
| 001 | 019022 | ||
| 003 | AR-FADEU | ||
| 008 | 311216n########xxu####################dd | ||
| 092 |
_a982 _bH673c |
||
| 245 | _aHISTORIA visual de la Argentina : contemporánea | ||
| 260 | _aBuenos Aires | ||
| 260 | _bClarín | ||
| 300 | _a53 fascículos. : il. col., fot. | ||
| 440 | _aBiblioteca clarín | ||
| 500 | _aFasc. 1. Introducción y A modo de repaso 1900-1930. -- Incluye bibliografía y cronología. -- Texto de sala | ||
| 650 | _aHISTORIA VISUAL ARGENTINA-SIGLO XX | ||
| 942 | _cBDGR | ||
| 999 |
_c24752 _d24752 |
||